[Event "Berlin-ch U12"]
[Site "Berlin"]
[Date "2004.02.03"]
[Round "4"]
[White "Yao, Kelvin"]
[Black "Kostyra, Lukas"]
[Result "1-0"]
[WhiteElo "1536"]
[BlackElo "819"]
[PlyCount "37"]
[EventDate "2004.04.??"]
[EventType "tourn"]
[EventRounds "9"]
[EventCountry "GER"]
[SourceTitle "EXT 2005"]
[Source "ChessBase"]
[SourceDate "2004.11.15"]
[SourceVersion "1"]
[SourceVersionDate "2004.11.15"]
[SourceQuality "1"]

1. Nf3 d5 2. d4 Nc6 3. c4 Nf6 4. g3 Bg4 5. Bg2 dxc4 6. e3 e5 7. Qa4 Bb4+ 8. Bd2 Bxd2+ 9. Nbxd2 Qd5 10. e4 Nxe4 11. Ng5 Qxd4 12. Bxe4 0-0-0 13. Ndf3 Qxb2 14. 0-0 f5 15. Rab1 Qe2 16. Bxc6 bxc6 17. Qxc6 Bxf3 18. Qa6+ Kd7 19. Qe6# 1-0

[Event "Berlin-ch U12"]
[Site "Berlin"]
[Date "2004.02.01"]
[Round "1"]
[White "Kostyra, Lukas"]
[Black "Hagen, Christian"]
[Result "1/2-1/2"]
[WhiteElo "819"]
[BlackElo "1170"]
[PlyCount "116"]
[EventDate "2004.04.??"]
[EventType "tourn"]
[EventRounds "9"]
[EventCountry "GER"]
[SourceTitle "EXT 2005"]
[Source "ChessBase"]
[SourceDate "2004.11.15"]
[SourceVersion "1"]
[SourceVersionDate "2004.11.15"]
[SourceQuality "1"]

1. e4 e5 2. Nf3 Nc6 3. Bc4 Nf6 4. d4 exd4 5. Nxd4 Nxe4 6. Nxc6 bxc6 7. Qe2 d5 8. Nc3 Bf5 9. g4 Bg6 10. f3 Bb4 11. Bd2 dxc4 12. Nxe4 Bxd2+ 13. Nxd2+ Qe7 14. Qxe7+ Kxe7 15. 0-0-0 Rhe8 16. Rhe1+ Kf8 17. Nxc4 h5 18. Ne5 Re6 19. Nxg6+ Rxg6 20. gxh5 Rg5 21. Rd7 Rxh5 22. Ree7 Rf5 23. Rxc7 Rxf3 24. b3 Rf1+ 25. Kb2 a6 26. Red7 Ke8 27. Rd6 Rh1 28. Rd2 Rd8 29. Rxd8+ Kxd8 30. Rxf7 Rxh2 31. Rxg7 Rh6 32. a4 c5 33. c3 Rh2+ 34. Ka3 Rh1 35. b4 c4 36. b5 a5 37. b6 Rb1 38. b7 Rb6 39. Rh7 Rb1 40. Ka2 Rb6 41. Rg7 Rb3 42. Rg5 Kc7 43. Rc5+ Kxb7 44. Rxc4 Rb6 45. Rc5 Rc6 46. Rxc6 Kxc6 47. Kb3 Kc5 48. c4 Kd4 49. c5 Kxc5 50. Kc3 Kb6 51. Kc4 Kc6 52. Kb3 Kd5 53. Ka3 Kc5 54. Kb3 Kd5 55. Kc3 Kc5 56. Kb3 Kd5 57. Ka3 Kc5 58. Kb3 Kd5 1/2-1/2